|
|
|
|
| LEADER |
00000nab a2200000 a 4500 |
| 001 |
vtls000763951 |
| 003 |
SK-MaSNL |
| 005 |
20260304142506.0 |
| 008 |
250505c2001 xo 0 slo |
| 015 |
|
|
|a SNBRB2001/07-22334
|
| 035 |
|
|
|a CLN000115738
|
| 035 |
|
|
|a urn:nbn:sk:snk-aber07
|
| 035 |
|
|
|a (urnnbn)urn:nbn:sk:snk:ar-a08tv4
|
| 035 |
|
|
|a (uuid)3a2c6fea-a645-43a5-86bb-7363527a4e15
|
| 040 |
|
|
|a SNKBUCL
|b slo
|c SNKBUCL
|e AACR2
|
| 041 |
0 |
|
|a slo
|
| 044 |
|
|
|a xo
|c SK
|
| 080 |
|
|
|a 37.013(048)
|2 1997
|
| 100 |
1 |
|
|a Krankus, Milan,
|d 1950-
|4 aut
|9 193817
|
| 245 |
1 |
0 |
|a Z. Pinc: Fragmenty k filosofii výchovy. Praha 1999
|c M. Krankus
|
| 650 |
0 |
7 |
|a výchova
|x vzdelávanie
|x východiská filozofické
|x štúdie
|x recenzie
|2 snkbucl
|9 1462206
|
| 655 |
|
7 |
|a články z novín a časopisov
|2 snkbucl
|9 267496
|
| 773 |
0 |
|
|t Cirkevné listy
|g Roč. 114, č. 5 (2001)
|g Č. 5 (2001), s. 38-40
|
| 773 |
0 |
|
|t [Príl.] Evanjelické školy
|g Roč. 114, č. 5 (2001)
|g Č. 5 (2001), s. 38-40
|
| 787 |
0 |
8 |
|i Rec.:
|a Pinc, Z.
|t Fragmenty k filosofii výchovy
|d Praha, 1999
|
| 850 |
|
|
|a Slovenská národná knižnica
|
| 852 |
|
|
|a Slovenská národná knižnica
|
| 954 |
|
|
|a odborná, vedecká literatúra pôvodná (slovenská)
|2 lita
|
| 958 |
|
|
|a article27
|
| 958 |
|
|
|a RC
|
| 958 |
|
|
|a OND
|
| 958 |
|
|
|a EUIPO
|
| 992 |
|
|
|a RBX
|
| 999 |
|
|
|c 2921644
|d 2923574
|